Paroles - Quel est le prix, Roméo et Juliette - Statistiques

Statistiques générales
  • Ce quiz a été pris 30 fois
  • Le résultat moyen est 175 sur 194
Statistiques - réponses
Paroles % Correct
à
100%
a
100%
À
100%
Avait
100%
avant
100%
ce
100%
ceux
100%
couler
100%
déjà
100%
donne
100%
donnent
100%
est
100%
fait
100%
Je
100%
je
100%
la
100%
La
100%
le
100%
ma
100%
Mais
100%
mort
100%
nous
100%
Nous
100%
payer
100%
pour
100%
prix
100%
Que
100%
que
100%
Quel
100%
quel
100%
qui
100%
Qu'on
100%
sa
100%
sang
100%
sort
100%
Tybalt
100%
vie
100%
vous
100%
Vous,
100%
détestez
88%
dois
88%
enfants
88%
fils
88%
ici
88%
jure
88%
l'ai
88%
les
88%
Mon
88%
nature
88%
ne
88%
pas,
88%
pas
88%
passé
88%
savez
88%
savoir
88%
s'est
88%
Sommes
88%
sommes,
88%
tant
88%
tous
88%
tout
88%
tué
88%
va
88%
vengé
88%
vengeance
88%
Voulu
88%
C'est
75%
des
75%
donc,
75%
faire
75%
faite
75%
L'affaire
75%
maintenant
75%
mourir,
75%
n'ai
75%
n'est
75%
on
75%
oui,
75%
pourtant
75%
s'arrête
75%
voit
75%
vos
75%
croire
63%
Faut-il
63%
frère
63%
Quand
63%
rien
63%
seuls,
63%
un
63%
avez
50%
Comment
50%
crimes
50%
imiter,
50%
juger
50%
Oh!
50%
Oh,
50%
trois,
50%
tués
50%
mimes
38%
pouvez-vous,
38%
Aucun quiz correspondant
Distribution des résultats
% des personnes avec chaque résultat
Percentile par nombre de réponses
Votre historique - résultats
Vous n’avez pas pris ce quiz